Criminologa̕ aplicada

Detalles Bibliográficos
Autor principal: Cuervo Garca̕, Ana L.
Otros Autores: Romero Flores, Beatriz, Vinagre Gonzl̀ez, Agustina Mara̕
Formato: eBook
Lenguaje:español
Publicado: Barcelona: J.M. Bosch Editor, 2021
Materias:
Acceso en línea:Acceso restringido

MARC

LEADER 00000nam a22000007a 4500
005 20220510234140.0
007 cr|||| ||||
008 220510s2021 es |||||s|||| 00||0 spa d
020 |a 978-84-123305-5-7 
035 |a 35635 
040 |a vLex 
090 |c 13315  |d 13315 
100 1 |a Cuervo Garca̕, Ana L. 
245 1 0 |a Criminologa̕ aplicada  |h [Recurso electrn̤ico] /  |c Ana L. Cuervo Garca̕, Beatriz Romero Flores, Agustina Mara̕ Vinagre Gonzl̀ez 
256 |a Servicio en ln̕ea 
260 |a Barcelona:  |b J.M. Bosch Editor,  |c 2021 
300 |a 1 recurso electrn̤ico 
500 |a La Criminologa̕ Aplicada se ha extendido a numerosos campos relacionados con la violencia, apareciendo como un r̀ea de especializacin̤ con identidad propia. El lector descubrir ̀en los primeros capt̕ulos una de las especialidades de la Criminologa̕ Aplicada, la que se orienta a la investigacin̤ criminal, sin ser esta su n︢ica meta, y destacǹdose la intervencin̤ en terrorismo y la Perfilacin̤ Criminal. Esta l︢tima se muestra desde perspectivas ms̀ cls̀icas como la Psicologa̕ Investigativa y la Perfilacin̤ Geogrf̀ica, pero teniendo tambiň en cuenta nuevas formas de perfilado ms̀ actuales, como el que se est ̀llevando a cabo en Mx̌ico a da̕ de hoy. Un anl̀isis crt̕ico de la justicia penal se hace necesario para que puedan funcionar todos los engranajes que activan la respuesta ante el delito. Cuestiones como la percepcin̤ del usuario, las opciones que ofrece la justicia alternativa antes delitos graves y, por l︢timo, la problemt̀ica entorno a la exigibilidad de la denuncia en la violencia de gňero, son abordadas en este libro. Igualmente, una especial atencin̤ merece el examen criminolg̤ico del crimen organizado. Las formas de delincuencia y victimizacin̤ que van unidas a las nuevas tecnologa̕s y a los cambios sociales obligan a llevar a cabo estudios rigurosos que faciliten el desarrollo de teora̕s y herramientas suficientemente contrastadas. Se hace necesario profundizar, por ejemplo, en el estudio de la violencia como fenm̤eno, y en el anl̀isis de las variables relacionadas con la psicopata̕ como constructo. Del mismo modo, emergen formas de victimizacin̤ ocultas hasta este momento, como la victimizacin̤ de las personas de edad avanzada. Sin duda, hacerse preguntas en relacin̤ con el crimen como fenm̤eno es la base para avanzar en la investigacin̤. Comprender las razones que facilitan que una persona devenga en vc̕tima o en delincuente es el n︢ico modo de prevenir el crimen. Por esta razn̤, aportaciones como la Teora̕ del Potencial Antisocial Cognitivo Integrado (ICAP), presentada por el profesor Farrington en el prl̤ogo de esta obra, estǹ en la base de los avances en prevencin̤ e intervencin̤ en el delito 
506 1 |a Disponible solo en los productos indicados  |d vLex Global  |d vLex Global (Academic Edition, excluding Law Schools)  |d vLex Global (U.S. Academic Edition, Law Schools)  |d vLex Global (U.S. Academic Edition, excluding Law Schools)  |d vLex Global (Academic Edition, Law Schools) 
650 0 4 |a Derecho Penal  |z Espaą 
700 1 |a Romero Flores, Beatriz 
700 1 |a Vinagre Gonzl̀ez, Agustina Mara̕ 
740 0 |a vLex Libros (Servicio en ln̕ea) 
856 4 0 |u https://app.vlex.com/#/sources/35635  |z Acceso restringido 
942 |c BOOK 
999 0 |a Criminal law